Regulation and protectionism under GATT : (Record no. 15165)
[ view plain ]
| 000 -LEADER | |
|---|---|
| fixed length control field | 00661pam a2200217 a 4500 |
| 020 ## - INTERNATIONAL STANDARD BOOK NUMBER | |
| ISBN | 0813389569 (alk. paper) |
| 040 ## - CATALOGING SOURCE | |
| Transcribing agency | DLC |
| 082 00 - DEWEY DECIMAL CLASSIFICATION NUMBER | |
| Classification number | 382 WES 1996 A073 Or. |
| 245 00 - TITLE STATEMENT | |
| Title | Regulation and protectionism under GATT : |
| Remainder of title | case studies in North American agriculture / |
| 260 ## - PUBLICATION, DISTRIBUTION, ETC. (IMPRINT) | |
| Place of publication | Boulder, Colo. : |
| Name of publisher | Westview Press, |
| Year of publication | 1996. |
| 300 ## - PHYSICAL DESCRIPTION | |
| Number of Pages | x, 341 p. : |
| Other physical details | ill., maps ; |
| Dimensions | 24 cm. |
| 650 #0 - SUBJECT ADDED ENTRY--TOPICAL TERM | |
| Topical Term | Tariff on farm produce |
| 650 #0 - SUBJECT ADDED ENTRY--TOPICAL TERM | |
| Topical Term | Tariff on farm produce |
| 650 #0 - SUBJECT ADDED ENTRY--TOPICAL TERM | |
| Topical Term | Tariff on farm produce |
| 650 #0 - SUBJECT ADDED ENTRY--TOPICAL TERM | |
| Topical Term | Protectionism |
| 650 #0 - SUBJECT ADDED ENTRY--TOPICAL TERM | |
| Topical Term | Protectionism |
| 700 1# - ADDED ENTRY--PERSONAL NAME | |
| Personal name | Schmitz, Andrew. |
| 700 1# - ADDED ENTRY--PERSONAL NAME | |
| Personal name | Coffin, Garth. |
| 700 1# - ADDED ENTRY--PERSONAL NAME | |
| Personal name | Rosaasen, Kenneth A. |
| 942 ## - ADDED ENTRY ELEMENTS (KOHA) | |
| Koha item type | សៀវភៅភាសាអង់គ្លេស |
| 952 ## - LOCATION AND ITEM INFORMATION (KOHA) | |
| Withdrawn status [LOCAL, KOHA] | 0 |
| Permanent Location | Date acquired | Koha item type | Lost status | Shelving location | Barcode | Current Location | Full call number |
|---|---|---|---|---|---|---|---|
| Library Block A | 2017-11-13 | សៀវភៅភាសាអង់គ្លេស | A073 | A07505 | Library Block A | 382 WES 1996 A073 Or. |